Canciones de Donde Quiero Estar - Quevedo - Estadísticas

Estadísticas generales
  • Esta prueba ha sido intentada 850 veces
  • La puntuación promedio es 12 de 15
Estadísticas de respuestas
Hint Respuesta % Correcto
Quevedo, Myke Towers PLAYA DEL INGLÉS
95%
Quevedo DONDE QUIERO ESTAR
87%
Quevedo WANDA
84%
Quevedo, Omar Montes DAME
83%
Quevedo, Ovy On The Drums SIN SEÑAL
83%
Quevedo AHORA QUÉ
82%
Quevedo LISBOA
81%
Quevedo, JC Reyes MUÑÉCA
81%
Quevedo PUNTO G
79%
Quevedo VISTA AL MAR
79%
Quevedo YANKEE
79%
Quevedo LUCES AZULES
75%
Quevedo ME FALTA ALGO
75%
Quevedo CUENTALE
70%
Quevedo ÉRAMOS DOS
68%
No se encontraron pruebas coincidentes
Distribución de puntuación
Porcentaje de gente con cada puntuación
Porcentaje por número respondido
Historial de tus puntuaciones
No has intentado esta prueba.